The four translation New Testament : (Запис № 498519)
[ простий вигляд ]
| 000 -LEADER | |
|---|---|
| fixed length control field | 01274nam a2200253Mi 4500 |
| 001 - CONTROL NUMBER | |
| control field | fourtranslationn00newy |
| 003 - CONTROL NUMBER IDENTIFIER | |
| control field | CaSfIA |
| 005 - DATE AND TIME OF LATEST TRANSACTION | |
| control field | 20210118084353.0 |
| 007 - PHYSICAL DESCRIPTION FIXED FIELD--GENERAL INFORMATION | |
| fixed length control field | cr|||| |
| 008 - FIXED-LENGTH DATA ELEMENTS--GENERAL INFORMATION | |
| fixed length control field | 011105s1971 nyu 000 0 eng d |
| 040 ## - CATALOGING SOURCE | |
| Original cataloging agency | GyGoGBV |
| Description conventions | rakwb |
| Language of cataloging | ger |
| Transcribing agency | GBVCP |
| Modifying agency | CaSfIA |
| 035 ## - SYSTEM CONTROL NUMBER | |
| System control number | (OCoLC)248781823 |
| 084 ## - OTHER CLASSIFICATION NUMBER | |
| Classification number | 11.31 ; Bibeltext ; Bibelübersetzungen |
| Source of number | bcc |
| 240 10 - UNIFORM TITLE | |
| Uniform title | <a href="Testamentum novum <engl.>.">Testamentum novum <engl.>.</a> |
| 245 04 - TITLE STATEMENT | |
| Title | The four translation New Testament : |
| Medium | [electronic resource] |
| Remainder of title | King James, New American standard Bible, Williams - In the language of the people, Beck - In the language of today. |
| 250 ## - EDITION STATEMENT | |
| Edition statement | 2. print. |
| 260 ## - PUBLICATION, DISTRIBUTION, ETC. (IMPRINT) | |
| Place of publication, distribution, etc | New York : |
| Name of publisher, distributor, etc | Iversen Associates, |
| Date of publication, distribution, etc | 1971. |
| 300 ## - PHYSICAL DESCRIPTION | |
| Extent | XXVIII, 739 S. |
| 506 ## - RESTRICTIONS ON ACCESS NOTE | |
| Standardized terminology for access restriction | Необхідна авторизація на https://archive.org/ (створення облікового запису безкоштовно) |
| 506 ## - RESTRICTIONS ON ACCESS NOTE | |
| Standardized terminology for access restriction | Необхідна авторизація на https://openlibrary.org/ (створення облікового запису безкоштовно) |
| 856 41 - ELECTRONIC LOCATION AND ACCESS | |
| Uniform Resource Identifier | <a href="http://www.archive.org/details/fourtranslationn00newy">http://www.archive.org/details/fourtranslationn00newy</a> |
| Public note | Free eBook from the Internet Archive |
| 856 42 - ELECTRONIC LOCATION AND ACCESS | |
| Uniform Resource Identifier | <a href="http://www.openlibrary.org/books/OL24384751M">http://www.openlibrary.org/books/OL24384751M</a> |
| Public note | Additional information and access via Open Library |
| 942 ## - ADDED ENTRY ELEMENTS (KOHA) | |
| Koha item type | ЕКнига |
Немає доступних примірників.